00637cam a22001697a 4500008004000000082001800040100002200058245008400080260002800164300001000192650002200202650002400224650002200248999001900270952008900289952008900378180718b1961 xxu||||| |||| 00| 0 eng d aN11x597 T156c aTanham, George K. aCommunist revolutionary warfare: the Vietminh in Indochinacby George K. Tanham aNew YorkbPraegerc1961 a166p. aVietnam --History aCommunism --Vietnam aGuerrilla warfare c435679d435679 00104070aIIPAbIIPAd2010-02-26oN11x597 T156cp33127r2018-07-21w2018-07-21yBK 00104070aIIPAbIIPAd2010-02-26oN11x597 T156cp31443r2018-07-21w2018-07-21yBK